000 00638nam a2200217 i 4500
001 115644
003 ES-MaACL
005 20240529153813.0
007 t|
008 070423s1869 sp ||||1| spa d
080 _a342.4(460)"1869"
110 1 _aEspaña.
_tConstitución, 1869.
_93654
245 1 1 _a[Constitución española 1869].
260 _a[Madrid :
_bs.n.,
_c1869?]
300 _a31 p. ;
_c14 cm.
650 4 _911292
_aConstituciones-
_zEspaña
655 7 _2tgfbne
_9226828
_aConstituciones
852 4 _aES-MaACL
_jT-150-F-1
_z- Enc. en un vol. facticio, falto de portada
942 _2udc
999 _c115644
_d115644